Teoretické prístupy k odhadovaniu rovnovážneho výmenného kurzu
Popis základných skupín metód na odhad rovnovážneho výmenného kurzu. Charakteristika prístupu BEER (Behavioural equilibrium exchange rate), res. FEER (Fundamental equilibrium exchange rate).
Uložené v:
| Hlavný autor: | |
|---|---|
| Médium: | Kapitola |
| Jazyk: | Slovak |
| Predmet: | |
| Tagy: |
Žiadne tagy, Buďte prvý, kto otaguje tento záznam!
|
MARC
| LEADER | 00000naa$a2200000$$$4500 | ||
|---|---|---|---|
| 001 | 0097643 | ||
| 005 | 20231102124703.0 | ||
| 041 | 0 | |a slo | |
| 044 | |a SK | ||
| 245 | 1 | 0 | |a Teoretické prístupy k odhadovaniu rovnovážneho výmenného kurzu |c Milan Gylánik |
| 520 | |a Popis základných skupín metód na odhad rovnovážneho výmenného kurzu. Charakteristika prístupu BEER (Behavioural equilibrium exchange rate), res. FEER (Fundamental equilibrium exchange rate). | ||
| 610 | 2 | 0 | |a kurz výmenný |
| 610 | 2 | 0 | |a parita sily kúpnej |
| 610 | 2 | 0 | |a metódy štatistické |
| 610 | 2 | 0 | |a odhady |
| 610 | 2 | 0 | |a mena |
| 100 | 1 | |a Gylánik, Milan | |